000 00486nam a2200241Ia 4500
001 072243
003 YMCAF
005 20230512160751.0
008 100717s1996 ||||||||||||||||| ||und|d
020 _a-
024 _a72243
035 _a11706
040 _aYMCAF
_beng
_cIN-KoLT
041 _aeng
082 _a005.42
_bDON
100 _aDONOVAN, J J
245 0 _aSYSTEM PROGRAMMING
250 _a-
260 _bTMH
_c1996
653 _a-
653 _a-
942 _2ddc
_cBK
999 _c6312
_d6312